The intentional stance

Αποθηκεύτηκε σε:
Λεπτομέρειες βιβλιογραφικής εγγραφής
Κύριος συγγραφέας: Dennett, Daniel Clement
Μορφή: Βιβλίο
Γλώσσα:English
Δημοσίευση: Cambridge, Mass. : MIT Press, c1989
Θέματα:
Ετικέτες: Προσθήκη ετικέτας
Δεν υπάρχουν, Καταχωρήστε ετικέτα πρώτοι!

MARC

LEADER 00000nam a2200000 i 4500
001 1/83393
008 080421s1989 eng d
020 |a 0-262-04093-X (hbk) 
020 |a 0-262-54053-3 (pbk) 
035 |l 10096915 
040 |a GR-MY-UA  |b gre  |e aacr 
041 0 |a eng 
082 0 |a 128.4  |2 (22) 
100 1 |a Dennett, Daniel Clement. 
245 1 4 |a The intentional stance /  |c Daniel C. Dennett 
260 |a Cambridge, Mass. :   |b MIT Press,   |c c1989 
300 |a xi, 388 σ.;  |c 23 εκ. 
504 |a Βιβλιογραφία: σ. [351]-371. Ευρετήριο 
650 0 0 |a Intentionality (Philosophy) 
852 |a INST  |b SYROS  |e 20080421  |h 128.4 DEN  |p 005500006084  |q 005500006084  |t BK  |y 0 
901 |a BIBL5-2008-1 
909 |a Ε  |b 139799 
922 |a 5ΕΛΗ  |b 200710  |c ΕΠΕΑΕΚ2/ΤΜΣΠΣ  |d ΠΑΠΑΣΩΤΗΡΙΟΥ 
970 |a ΚΟΝΤΟΥ  |b ΠΑΡΑΣΚΕΥΗ  |z 2008/04/21